3302-雲南市(島根県)の駅 - Statistics

General Stats
  • This quiz has been taken 4 times
  • The average score is 4 of 7
Answer Stats
Answer % Correct
木次
100%
出雲大東
75%
南大東
75%
加茂中
50%
幡屋
50%
日登
50%
下久野
25%
No matching quizzes found
Score Distribution
Percent of People with Each Score
Percentile by Number Answered
Your Score History
You have not taken this quiz